Etiqueta de registo: 00000nam 2200025 450
001 1831127
003 http://id.bnportugal.gov.pt/bib/catbnp/1831127
100 ## $a20130215d1965 m y0pory01030103ba
101 0# $aeng
102 ## $aGB
106 ## $ar
200 1# $a The films of Alfred Hitchcock
210 #9 $aLondon$cStudio Vista,$d1965
215 ## $a158, [2] p.
225 2# $aDutton vista$v14
317 ## $aBiblioteca Jorge de Sena$5PTBN: J.S. 1152
700 #1 $92$aPerry,$bGeorge$f1935$31712424
801 #0 $aPT$bBN$gRPC
966 ## $lBN$mFGMON$pBiblioteca Jorge de Sena$sJ.S. 1152$x3
Etiqueta de registo: 00254nam 2200025 450
001 2284740
003 http://id.bnportugal.gov.pt/bib/catbnp/2284740
010 ## $a0140028021
100 ## $a20260419d1971 m y0pory01030103ba
101 0# $aeng
102 ## $aGB
105 ## $aa z 000yy
106 ## $ar
200 1# $aThe Penguin book of comics$fGeorge Perry, Alan Aldridge
210 #9 $aHarmondsworth$cPenguin Books,$d1971
215 ## $a272 p.$cil.$d21 cm
317 ## $aColeção Leandro de Moraes Sarmento$5PTBN: L.M.S. 426
606 ## $aBanda desenhada$xHistória e crítica$2SIPOR$31995410
675 ## $a741.5(091)$vBN$zpor$3601895
700 #1 $92$aPerry,$bGeorge$f1935$31712424
701 #1 $aAldridge,$bAlan,$f1943-2017$4070$3167068
801 #0 $aPT$bBN$gRPC
966 ## $lBN$mFGMON$pBiblioteca particular Leandro de Moraes Sarmento$sL.M.S. 426 $x3